ناظر المدرسة الثانوية ومدرسوها يدرسون الشباب / (Record no. 37905)
[ view plain ]
| 000 -الفاتح | |
|---|---|
| حقل البيانات ثابتة الطول | 00566nam a2200169Ia 4500 |
| 008 - عناصر البيانات ثابتة الطول - معلومات عامة | |
| حقل البيانات ثابتة الطول | 140319s9999 xx 000 0 ara d |
| 040 ## - مصدر الفهرسة | |
| وكالة الفهرسة الأصلية | GCL / |
| وكالة النسخ | GCL |
| 082 04 - رقم تصنيف ديوى العشرى | |
| رقم التصنيف | 373 |
| رقم المادة | م ن |
| 100 1# - المدخل الرئيسى - إسم شخصى | |
| الإسم الشخصى | محمد السيد روحة |
| 245 10 - بيان العنوان | |
| العنوان | ناظر المدرسة الثانوية ومدرسوها يدرسون الشباب / |
| بيان المسئوليه,etc | محمد السيد روحة |
| 700 1# - المدخل الاضافى - اسم شخصى | |
| الإسم الشخصى | موريس, جلين |
| 700 1# - المدخل الاضافى - اسم شخصى | |
| الإسم الشخصى | محمد سليمان شعلان) |
| 700 1# - المدخل الاضافى - اسم شخصى | |
| الإسم الشخصى | عدلى سليمان |
| 300 ## - الوصف المادى | |
| التعداد | 157 ص |
| 490 ## - بيان السلسلة | |
| عنوان السلسلة | التعليم فى ضوء التجارب |
| رقم المجلد/ التعيين التسلسلي | 0 |
| حالة التراجع | حالة الفقد | حالة تلف | ليس للاعارة | المكان المؤقت | الموقع الحالى | تاريخ الاكتساب | اجمالي اﻻعارات | رقم الطلب | الباركود | تاريخ اخر مشاهدة | تاريخ تفعيل السعر | نوع وعاء كوها |
|---|---|---|---|---|---|---|---|---|---|---|---|---|
| مكتبة القاهرة الكبرى | مكتبة القاهرة الكبرى | 03/26/2014 | 373\م ن | 92643 | 03/26/2014 | 03/26/2014 | كتاب |

